The excess of the infinite
Elmentve itt :
| Szerző: | |
|---|---|
| Dokumentumtípus: | Könyv része |
| Megjelent: |
1996
|
| Sorozat: | Ész, élet, egzisztencia
A kartezianizmus négyszáz éve = Four hundred years of Cartesianism = Quatre siecles de Cartésianisme |
| Kulcsszavak: | René Descartes - életmű, Filozófia - francia - 17. sz. |
| Tárgyszavak: | |
| Online Access: | http://acta.bibl.u-szeged.hu/9457 |
| LEADER | 00820naa a2200217 i 4500 | ||
|---|---|---|---|
| 001 | acta9457 | ||
| 005 | 20211215103103.0 | ||
| 008 | 161015s1996 hu o 0|| eng d | ||
| 022 | |a 0866-028X | ||
| 040 | |a SZTE Egyetemi Kiadványok Repozitórium |b hun | ||
| 041 | |a eng | ||
| 100 | 1 | |a Watt Alan | |
| 245 | 1 | 4 | |a The excess of the infinite |h [elektronikus dokumentum] / |c Watt Alan |
| 260 | |c 1996 | ||
| 300 | |a 145-151 | ||
| 490 | 0 | |a Ész, élet, egzisztencia | |
| 490 | 0 | |a A kartezianizmus négyszáz éve = Four hundred years of Cartesianism = Quatre siecles de Cartésianisme | |
| 650 | 4 | |a Bölcsészettudományok | |
| 650 | 4 | |a Filozófia, etika és vallástudományok | |
| 695 | |a René Descartes - életmű, Filozófia - francia - 17. sz. | ||
| 856 | 4 | 0 | |u http://acta.bibl.u-szeged.hu/9457/1/esz_005_145-151.pdf |z Dokumentum-elérés |